000 01244aam a2200313 i 4500
001 768714001
003 CO-MdFUSB
005 20250528170601.0
007 ta
008 250528t2007 sp ||||| |||| 00| 0 spa d
020 _a978-84-301-1629-4
040 _cCO-MdFUSB
041 0 _aspa
082 0 4 _223
_a248.47
_bI733d
100 1 _aIsaac, Obispo de Nínive
_eautor
245 1 0 _aEl don de la humildad :
_bitinerario para la vida espiritual
_c/ Isaac de Nínive ; traducido por Xabier Pikaza
264 1 _bEdiciones Sígueme,
_aSalamanca :
_c[2007]
264 4 _c©2007
300 _a198 páginas
336 _atexto
_btxt
_2rdacontent
337 _2rdamedia
_asin mediación
_bn
338 _2rdacarrier
_avolumen
_bnc
505 _aDios y la creación - Las Escrituras - Vías de conocimiento - La experencia del límite - La experoiencia del Espíritu - La lucha espiritual - El enemigo - Las armas de la lucha espirirtual - El fruto - Fe y esperanza - La oración - La humildad - la misericordia de Dios y la compasión - El final y la espera - El monje - Plegarias
563 _aRústico
650 1 0 _aVida espiritual
_951
700 _aPikaza Ibarrondo, Xabier
_93379
_etraductor
942 _cBK
945 _aElías Tolentino
999 _c43392
_d43392